[Event "Novi Sad-Turkey"]
[Site "Novi Sad"]
[Date "2018.11.23"]
[Round "10"]
[White "Savanovic, Vuk"]
[Black "Tahaoglu, Ugur Barkin"]
[Result "1-0"]
[WhiteElo "2272"]
[BlackElo "1898"]
[PlyCount "59"]
[EventDate "2018.11.17"]
[EventType "schev"]
[EventRounds "10"]
[EventCountry "SRB"]
[SourceTitle "CBM 187 Extra"]
[Source "ChessBase"]
[SourceDate "2018.11.04"]
[SourceVersion "1"]
[SourceVersionDate "2018.11.04"]
[SourceQuality "1"]

1. e4 e5 2. Nf3 Nf6 3. Nxe5 d6 4. Nf3 Nxe4 5. d4 d5 6. Bd3 Nc6 7. 0-0 Be7 8. c4 Nb4 9. cxd5 Nxd3 10. Qxd3 Qxd5 11. Re1 Bf5 12. g4 Bg6 13. Nc3 Nxc3 14. Qxc3 f6 15. Bf4 Kf7 16. Qxc7 Rhe8 17. Nh4 Be4 18. Nf5 Rad8 19. Rac1 g6 20. Nd6+ Rxd6 21. Bxd6 f5 22. Bxe7 Rxe7 23. Qc4 Qxc4 24. Rxc4 Rd7 25. g5 b5 26. Rc3 a5 27. f3 Bd5 28. a3 a4 29. Kf2 Bc4 30. Rce3 1-0

[Event "Novi Sad-Turkey"]
[Site "Novi Sad"]
[Date "2018.11.21"]
[Round "7"]
[White "Tahaoglu, Ugur Barkin"]
[Black "Jevtic, Miodrag"]
[Result "1-0"]
[WhiteElo "1898"]
[BlackElo "2340"]
[PlyCount "119"]
[EventDate "2018.11.17"]
[EventType "schev"]
[EventRounds "10"]
[EventCountry "SRB"]
[SourceTitle "CBM 187 Extra"]
[Source "ChessBase"]
[SourceDate "2018.11.04"]
[SourceVersion "1"]
[SourceVersionDate "2018.11.04"]
[SourceQuality "1"]

1. d4 Nf6 2. Bf4 e6 3. e3 b6 4. Nf3 Bb7 5. Nbd2 Be7 6. h3 c5 7. Nc4 cxd4 8. exd4 d6 9. Bd3 Nc6 10. c3 0-0 11. 0-0 b5 12. Ne3 a6 13. a4 b4 14. c4 Nxd4 15. Nxd4 e5 16. Bg5 exd4 17. Nf5 d5 18. Re1 Bc5 19. Rc1 dxc4 20. Bxc4 Qb6 21. Qd3 Qc6 22. Qg3 Ne4 23. Rxe4 Qxe4 24. Bd3 Qxg2+ 25. Qxg2 Bxg2 26. Kxg2 Bb6 27. Rc6 Bd8 28. Bxd8 Rfxd8 29. a5 g6 30. Nd6 Rd7 31. Kf3 Rad8 32. Ne4 Kg7 33. Rxa6 Rd5 34. Ra7 Rf5+ 35. Kg3 Rdd5 36. a6 Ra5 37. Rb7 Ra2 38. Rxb4 Rfa5 39. Rb7 Ra1 40. b4 R5a3 41. Nc5 Rc1 42. a7 Rca1 43. b5 Rxa7 44. Rxa7 Rxa7 45. b6 Ra2 46. Bc4 Rb2 47. b7 d3 48. Bxd3 f5 49. Ba6 g5 50. Nd7 h5 51. b8Q h4+ 52. Kg2 Rxb8 53. Nxb8 g4 54. hxg4 fxg4 55. Bc8 g3 56. f4 Kf6 57. Nc6 Kg6 58. Ne5+ Kh6 59. Bg4 Kg7 60. Nf3 1-0

[Event "Istanbul op-A"]
[Site "Istanbul"]
[Date "2018.09.02"]
[Round "1"]
[White "Tahaoglu, Ugur Barkin"]
[Black "Gaboyan, Susanna"]
[Result "1-0"]
[WhiteElo "1893"]
[BlackElo "2114"]
[PlyCount "73"]
[EventDate "2018.09.02"]
[EventType "swiss"]
[EventRounds "9"]
[EventCountry "TUR"]
[SourceTitle "CBM 186 Extra"]
[Source "ChessBase"]
[SourceDate "2018.08.24"]
[SourceVersion "1"]
[SourceVersionDate "2018.08.24"]
[SourceQuality "1"]

1. d4 Nf6 2. Bf4 g6 3. Nc3 d5 4. e3 Bg7 5. h4 0-0 6. h5 Nxh5 7. Rxh5 gxh5 8. Qxh5 e6 9. Qh2 Nc6 10. Bxc7 Qf6 11. Nf3 a6 12. Bf4 Qg6 13. Bd3 f5 14. 0-0-0 Nb4 15. Be2 Nc6 16. Rh1 h6 17. Rg1 b5 18. g4 fxg4 19. Bd3 Qf7 20. Bxh6 e5 21. Bh7+ Kxh7 22. Ng5+ Kg8 23. Nxf7 Rxf7 24. Bxg7 Rxg7 25. Nxd5 Be6 26. Nf6+ Kf7 27. dxe5 Rc8 28. Qf4 Ke7 29. Nd5+ Bxd5 30. Qf6+ Ke8 31. Qxg7 Nb4 32. c3 Nxa2+ 33. Kb1 b4 34. Rxg4 bxc3 35. Qh8+ Kd7 36. Rg7+ Ke6 37. Qxc8+ 1-0

[Event "TUR-chT2"]
[Site "Konya"]
[Date "2017.07.15"]
[Round "9.3"]
[White "Demirbas, Fatih"]
[Black "Tahaoglu, Ugur Barkin"]
[Result "0-1"]
[WhiteElo "1782"]
[BlackElo "1927"]
[PlyCount "84"]
[EventDate "2017.07.09"]
[EventType "team-swiss"]
[EventRounds "9"]
[EventCountry "TUR"]
[SourceTitle "CBM 179 Extra"]
[Source "ChessBase"]
[SourceDate "2017.08.23"]
[SourceVersion "1"]
[SourceVersionDate "2017.08.23"]
[SourceQuality "1"]
[WhiteTeam "Trabzon Feda"]
[BlackTeam "Marmara Universitesi"]
[WhiteTeamCountry "TUR"]
[BlackTeamCountry "TUR"]

1. e4 c6 2. d4 g6 3. Nf3 Bg7 4. c4 d6 5. Nc3 Nf6 6. Be2 0-0 7. 0-0 Nbd7 8. h3 e5 9. Bg5 Qc7 10. Re1 Re8 11. Qc2 Nf8 12. d5 h6 13. Be3 c5 14. Qd2 Kh7 15. a3 b6 16. b4 Qe7 17. bxc5 bxc5 18. Rab1 Ng8 19. Nh2 Nd7 20. Nb5 Ndf6 21. f3 Rf8 22. Qa5 Ne8 23. Rb3 f5 24. Reb1 Bf6 25. Nc3 Bh4 26. Na4 Ngf6 27. Rb8 Rxb8 28. Rxb8 Qc7 29. Qxc7+ Nxc7 30. exf5 gxf5 31. Rb2 Rg8 32. Nc3 Be1 33. Nb5 Nxb5 34. Rxb5 Bc3 35. g4 h5 36. Kf2 hxg4 37. hxg4 fxg4 38. Bd3+ e4 39. fxe4 g3+ 40. Ke2 gxh2 41. e5+ Kh8 42. Rb1 Bxe5 0-1

[Event "TUR-chT2"]
[Site "Konya"]
[Date "2017.07.10"]
[Round "2.6"]
[White "Mete, Onur Koray"]
[Black "Tahaoglu, Ugur Barkin"]
[Result "0-1"]
[WhiteElo "1748"]
[BlackElo "1927"]
[PlyCount "94"]
[EventDate "2017.07.09"]
[EventType "team-swiss"]
[EventRounds "9"]
[EventCountry "TUR"]
[SourceTitle "CBM 179 Extra"]
[Source "ChessBase"]
[SourceDate "2017.08.23"]
[SourceVersion "1"]
[SourceVersionDate "2017.08.23"]
[SourceQuality "1"]
[WhiteTeam "Derince Turgut"]
[BlackTeam "Marmara Universitesi"]
[WhiteTeamCountry "TUR"]
[BlackTeamCountry "TUR"]

1. d4 Nf6 2. c4 g6 3. g3 Bg7 4. Bg2 0-0 5. Nf3 d6 6. 0-0 Nbd7 7. Nc3 c6 8. e4 e5 9. dxe5 dxe5 10. Bg5 Qc7 11. Bxf6 Bxf6 12. Qe2 a5 13. a3 a4 14. Rac1 Nc5 15. Qc2 Be6 16. Nd2 Rfd8 17. Ne2 Rd3 18. Rcd1 Rad8 19. Nc1 R3d6 20. Bf3 Bh3 21. Rfe1 Ne6 22. Nf1 Nd4 23. Qc3 Qd7 24. Rxd4 Rxd4 25. Ne3 Bg7 26. Ne2 Rd3 27. Qc2 Bh6 28. Nc3 Bxe3 29. Rxe3 Rxe3 30. fxe3 Qd2 31. Qxd2 Rxd2 32. Nxa4 b5 33. cxb5 cxb5 34. Nc3 Rxb2 35. Nd5 Rb3 36. Be2 Kf8 37. Kf2 Bd7 38. Nf6 Bc6 39. Nxh7+ Ke7 40. Ng5 Rxa3 41. Nf3 Kd6 42. Nd2 Kc5 43. h4 b4 44. Nc4 Bb5 45. Nd2 Ra2 46. Nb3+ Kb6 47. Nc1 Rc2 0-1

[Event "TUR Cup"]
[Site "Antalya"]
[Date "2017.01.30"]
[Round "4"]
[White "Alacan, Mehmet"]
[Black "Tahaoglu, Ugur Barkin"]
[Result "0-1"]
[WhiteElo "1768"]
[BlackElo "1928"]
[PlyCount "114"]
[EventDate "2017.01.28"]
[EventType "swiss"]
[EventRounds "11"]
[EventCountry "TUR"]
[SourceTitle "CBM 176 Extra"]
[Source "ChessBase"]
[SourceDate "2017.03.02"]
[SourceVersion "1"]
[SourceVersionDate "2017.03.02"]
[SourceQuality "1"]

1. d4 Nf6 2. Nf3 g6 3. e3 Bg7 4. c4 d6 5. Nc3 0-0 6. Be2 Nbd7 7. 0-0 e5 8. Qc2 c6 9. b3 Qc7 10. Bb2 Re8 11. Nd2 Nf8 12. Bf3 h5 13. Rfe1 N8h7 14. Nf1 Ng5 15. Be2 Ng4 16. f3 exd4 17. Nd1 Nxe3 18. Ndxe3 dxe3 19. Bxg7 Kxg7 20. Qc3+ f6 21. Nxe3 Qb6 22. Bf1 Be6 23. Kh1 d5 24. Rad1 Rad8 25. cxd5 Bxd5 26. Nxd5 cxd5 27. Qd3 Rxe1 28. Rxe1 Qd6 29. Qd4 a6 30. Bd3 Rd7 31. Kg1 Ne6 32. Qf2 Nf4 33. Bb1 d4 34. Qd2 d3 35. g3 Ne6 36. Re3 h4 37. Rxd3 Qc5+ 38. Kg2 Re7 39. Rd5 h3+ 40. Kxh3 Qg1 41. Qd3 f5 42. f4 Kf8 43. Rd8+ Nxd8 44. Qxd8+ Kf7 45. Qd5+ Ke8 46. Qg8+ Kd7 47. Bd3 Qd4 48. Bc4 Qd6 49. Bf7 Qd1 50. Qxg6 Qg4+ 51. Qxg4 fxg4+ 52. Kxg4 Rxf7 53. h4 Ke6 54. h5 Rg7+ 55. Kf3 Kf5 56. h6 Rg6 57. h7 Rh6 0-1

[Event "Troya op 23rd"]
[Site "Canakkale"]
[Date "2015.08.14"]
[Round "8"]
[White "Isik, Alparslan"]
[Black "Tahaoglu, Ugur Barkin"]
[Result "1-0"]
[WhiteElo "1965"]
[BlackElo "1924"]
[PlyCount "77"]
[EventDate "2015.08.08"]
[EventType "swiss"]
[EventRounds "9"]
[EventCountry "TUR"]
[SourceTitle "CBM 167 Extra"]
[Source "ChessBase"]
[SourceDate "2015.09.14"]
[SourceVersion "1"]
[SourceVersionDate "2015.09.14"]
[SourceQuality "1"]

1. d4 Nf6 2. c4 e6 3. Nf3 Bb4+ 4. Bd2 Qe7 5. g3 Bxd2+ 6. Nbxd2 0-0 7. Bg2 Nc6 8. 0-0 d6 9. e4 e5 10. d5 Nb8 11. Ne1 Bg4 12. f3 Bh5 13. Nd3 c6 14. Qe1 Nfd7 15. f4 a5 16. Bh3 f6 17. Be6+ Bf7 18. f5 g5 19. g4 Kg7 20. h4 h6 21. Kg2 Na6 22. Rh1 Nac5 23. Nxc5 Nxc5 24. Qg3 b5 25. hxg5 hxg5 26. Rh3 Rh8 27. Rah1 Rag8 28. Qh2 Rxh3 29. Qxh3 Kf8 30. Qh7 Rg7 31. Qh6 Nd3 32. Kf3 b4 33. Nb3 Qa7 34. c5 Nxc5 35. Nxc5 dxc5 36. Qxf6 Qe7 37. Rh8+ Rg8 38. Rxg8+ Kxg8 39. Qxe7 1-0

[Event "Troya op 23rd"]
[Site "Canakkale"]
[Date "2015.08.10"]
[Round "4"]
[White "Metin, Oguz"]
[Black "Tahaoglu, Ugur Barkin"]
[Result "0-1"]
[WhiteElo "2182"]
[BlackElo "1924"]
[PlyCount "92"]
[EventDate "2015.08.08"]
[EventType "swiss"]
[EventRounds "9"]
[EventCountry "TUR"]
[SourceTitle "CBM 167 Extra"]
[Source "ChessBase"]
[SourceDate "2015.09.14"]
[SourceVersion "1"]
[SourceVersionDate "2015.09.14"]
[SourceQuality "1"]

1. d4 Nf6 2. Nf3 g6 3. g3 Bg7 4. Bg2 0-0 5. 0-0 d6 6. c4 Nbd7 7. Nc3 e5 8. e4 c6 9. h3 Qb6 10. d5 Nc5 11. Ne1 cxd5 12. cxd5 Bd7 13. Nd3 Nxd3 14. Qxd3 Rfc8 15. Rb1 Be8 16. Be3 Qd8 17. Rbc1 a6 18. Kh2 Nd7 19. Qd2 Nc5 20. f4 Na4 21. f5 Nxc3 22. Rxc3 Rxc3 23. Qxc3 Rc8 24. Qd2 f6 25. fxg6 hxg6 26. h4 Bd7 27. Qb4 Bb5 28. Rf2 Rc4 29. Qd2 Bd7 30. b3 Rc8 31. Qb4 Qc7 32. Bb6 Qb8 33. Qd2 Bg4 34. Qe3 Kh7 35. Bf3 Bxf3 36. Qxf3 Rc1 37. h5 Qc8 38. g4 Rc3 39. Qg2 Bh6 40. Rxf6 Bf4+ 41. Kh1 Rg3 42. Qh2 g5 43. h6 Qxg4 44. Rf7+ Kg8 45. Qxg3 Qxg3 46. h7+ Kh8 0-1

[Event "TUR-chT2"]
[Site "Konya"]
[Date "2015.07.29"]
[Round "7.10"]
[White "Tahaoglu, Ugur Barkin"]
[Black "Vatansever, Berk"]
[Result "1-0"]
[WhiteElo "1924"]
[BlackElo "1668"]
[PlyCount "30"]
[EventDate "2015.07.25"]
[EventType "team-swiss"]
[EventRounds "9"]
[EventCountry "TUR"]
[SourceTitle "EXT 2017"]
[Source "ChessBase"]
[SourceDate "2016.10.25"]
[SourceVersion "1"]
[SourceVersionDate "2016.10.25"]
[SourceQuality "1"]
[WhiteTeam "Istanbul Dobruca"]
[BlackTeam "Burdur 90 Yil"]
[WhiteTeamCountry "TUR"]
[BlackTeamCountry "TUR"]

1. d4 d5 2. c4 c6 3. Nf3 Nf6 4. e3 e6 5. Nc3 Nbd7 6. Qc2 Bd6 7. g4 h6 8. Bd2 Nxg4 9. Rg1 Nxh2 10. Nxh2 Bxh2 11. Rxg7 Qf6 12. Rg2 Bd6 13. 0-0-0 dxc4 14. Bxc4 b6 15. Ne4 Qe7 1-0

[Event "EU-ch U18"]
[Site "Prague"]
[Date "2012.08.19"]
[Round "3"]
[White "Tahaoglu, Ugur Barkin"]
[Black "Van Overdam, Julian"]
[Result "0-1"]
[WhiteElo "1912"]
[BlackElo "2273"]
[PlyCount "92"]
[EventDate "2012.08.17"]
[EventType "swiss"]
[EventRounds "9"]
[EventCountry "CZE"]
[SourceTitle "CBM 150 Extra"]
[Source "ChessBase"]
[SourceDate "2012.10.19"]
[SourceVersion "1"]
[SourceVersionDate "2012.10.19"]
[SourceQuality "1"]

1. d4 Nf6 2. Nf3 e6 3. c4 b6 4. Nc3 Bb4 5. Bg5 h6 6. Bh4 g5 7. Bg3 Ne4 8. Qc2 Bxc3+ 9. bxc3 Bb7 10. e3 d6 11. Bd3 f5 12. d5 exd5 13. cxd5 Bxd5 14. Nd4 Qf6 15. f3 Nxg3 16. hxg3 Nd7 17. Bxf5 0-0-0 18. e4 Bb7 19. Qa4 Rhe8 20. 0-0-0 Re5 21. Nb3 a6 22. Qd4 Kb8 23. Bxd7 Rxd7 24. g4 Qe6 25. Kc2 Rf7 26. Kb2 Rh7 27. Rd2 Re7 28. Rhd1 d5 29. exd5 Bxd5 30. Qb4 Bxb3 31. axb3 Rb5 32. Qa3 Qe5 33. Rc2 Kb7 34. Qa4 Rd5 35. Rcd2 Rxd2+ 36. Rxd2 Qe3 37. Rc2 Qd3 38. Qa1 Re2 39. Qc1 Re5 40. Qd2 Qf1 41. Qf2 Qb5 42. Rd2 h5 43. Qd4 Re1 44. Qf2 Qe5 45. Kc2 Re3 46. Kd1 Qxc3 0-1